Zákon o cestovných náhradách (s komentárom s účinnosťou od 1.12.2016 na základe opatrenia č. 309/2016 Z. z.)

Úplné znenie zákona č. 283/2002 Z. z. o cestovných náhradách v znení ďalších zákonov aj s komnetárom k jednotlivým paragrafom.

Gespeichert in:
Bibliographische Detailangaben
1. Verfasser: Ninčáková, Božena
Weitere Verfasser: Ozimý, Vladimír
Format: Buchkapitel
Sprache:Slowakisch
Schlagworte:
Tags: Tag hinzufügen
Keine Tags, Fügen Sie das erste Tag hinzu!

MARC

LEADER 00000naa a2200000 4500
001 0227247
005 20230117072425.4
041 0 |a slo 
044 |a SK 
245 1 0 |a Zákon o cestovných náhradách  |b (s komentárom s účinnosťou od 1.12.2016 na základe opatrenia č. 309/2016 Z. z.)  |c Božena Ninčáková, Vladimír Ozimý 
520 |a Úplné znenie zákona č. 283/2002 Z. z. o cestovných náhradách v znení ďalších zákonov aj s komnetárom k jednotlivým paragrafom. 
610 2 0 |a cesty pracovné 
610 2 0 |a náhrada cestovného 
610 2 0 |a práca 
610 2 0 |a práca v zahraničí 
610 2 0 |a zamestnanci 
610 2 0 |a zamestnávatelia 
610 2 0 |a družstvá 
610 2 0 |a zmluvy pracovné 
610 2 0 |a dohody pracovné 
610 2 0 |a výdavky 
610 2 0 |a poistenie sociálne 
610 2 0 |a poistenie zdravotné 
610 2 0 |a zákony 
100 1 |a Ninčáková, Božena 
700 1 |a Ozimý, Vladimír